000 00316 a2200109 4500
001 ART_41872
005 20260410162024.0
008 260409a
245 1 0 _aDaños punitivos
100 1 _aIrigoyen Testa, Matías
773 0 _tJurisprudencia Argentina
_gDerecho y economía (mayo 2006)
_wREV41622
999 _c33350
_d33350